000 00336nam a2200145Ia 4500
008 191201s2001 xx 000 0 und d
082 _a540
_bAGE
100 _aAGGARWAL, O P
245 0 _aEngineering Chemistry
250 _a3rd
260 _aN.Delhi
_bKhanna Publisher
_c2001
300 _a1030
650 _aApplied
942 _2ddc
_cBK
999 _c1649
_d1649